000 00758nam a22001937a 4500
999 _c371504
_d371504
008 201127b ||||| |||| 00| 0 eng d
040 _aDE-2950
_bger
_cDE-2950
_erda
041 _ager
245 _aMessehalle wird Notquartier.
_bUkraine: Frankfurt bereitet die Immobilie für Flüchtlinge vor, das Impfzentrum zieht um. Am Bahnhof reißt der Strom der Menschen nicht ab /
_cThomas Gutke und Peggy Lohse
264 _c2022
653 _aFrankfurt (Oder)
653 _aFlüchtlinge
653 _aUkraine-Krieg
773 _dFrankfurt (Oder) Märkisches Verlags- und Druckhaus GmbH & Co KG
_tMärkische Oderzeitung
_g33. Jahrgang (2022) Nr. 55 vom 07.03.2022, S. 11
942 _cA